[Event "Las Vegas National op"]
[Site "Las Vegas"]
[Date "2023.06.15"]
[Round "2"]
[White "Wang, Jeffery"]
[Black "Shlyakhtenko, Robert"]
[Result "0-1"]
[WhiteElo "2165"]
[BlackElo "2427"]
[PlyCount "102"]
[EventDate "2023.06.14"]
[EventType "swiss"]
[EventRounds "9"]
[EventCountry "USA"]
[SourceTitle "CBM 214 Extra"]
[Source "ChessBase"]
[SourceDate "2023.07.31"]
[SourceVersion "1"]
[SourceVersionDate "2023.07.31"]
[SourceQuality "1"]

1. e4 c5 2. Nf3 e6 3. d4 cxd4 4. Nxd4 a6 5. c4 Nf6 6. Nc3 Qc7 7. a3 b6 8. Be3 Bb7 9. f3 Nc6 10. Be2 Be7 11. 0-0 0-0 12. Qd2 Ne5 13. Rac1 Ng6 14. Rfd1 h5 15. Bf1 h4 16. Nc2 Rab8 17. b4 d6 18. Nd4 Rfe8 19. Qf2 Nd7 20. Na4 Bf6 21. Nb3 Ba8 22. Qd2 Red8 23. Rc2 Be5 24. Kh1 h3 25. g3 Nf6 26. Bxh3 Nxe4 27. fxe4 Bxe4+ 28. Bg2 Bxc2 29. Qxc2 b5 30. Na5 d5 31. Nc5 dxc4 32. Rc1 Rd6 33. Nab7 Rb6 34. Na5 Ne7 35. Ne4 Nf5 36. Bxb6 Rxb6 37. Nc5 g6 38. Bb7 Bd4 39. Nxa6 Qe7 40. Nc5 Bxc5 41. bxc5 Qxc5 42. Qb2 Ne3 43. Be4 b4 44. axb4 Rxb4 45. Qd2 Ng4 46. Bf3 Ne5 47. Qd8+ Kg7 48. Bg2 Nd3 49. Rf1 Nf2+ 50. Rxf2 Qxf2 51. Qd1 Rb2 0-1

[Event "Los Angeles 1000GM GM 02"]
[Site "Los Angeles"]
[Date "2023.02.23"]
[Round "3.6"]
[White "Shlyakhtenko, Robert"]
[Black "Kevlishvili, Robby"]
[Result "1/2-1/2"]
[WhiteElo "2426"]
[BlackElo "2537"]
[PlyCount "103"]
[EventDate "2023.02.22"]
[EventType "team-schev"]
[EventRounds "9"]
[EventCountry "USA"]
[SourceTitle "CBM 213 Extra"]
[Source "ChessBase"]
[SourceDate "2023.05.31"]
[SourceVersion "1"]
[SourceVersionDate "2023.05.31"]
[SourceQuality "1"]
[WhiteTeam "Group D"]
[BlackTeam "Group A"]
[WhiteTeamCountry "USA"]
[BlackTeamCountry "USA"]

1. d4 Nf6 2. c4 e6 3. Nc3 Bb4 4. f3 c5 5. d5 b5 6. e4 d6 7. Nge2 bxc4 8. Nf4 e5 9. Nfe2 Nbd7 10. Ng3 Nb6 11. Be2 Ng8 12. h4 h6 13. f4 exf4 14. Bxf4 Nf6 15. 0-0 Bxc3 16. bxc3 0-0 17. Qd2 Ng4 18. Bxg4 Bxg4 19. Bxh6 Qxh4 20. Qf4 Qxh6 21. Qxg4 Rae8 22. Nf5 Qf6 23. Rf3 Re5 24. Rh3 Rxf5 25. exf5 Re8 26. Qh5 Qh6 27. Qxh6 gxh6 28. Rxh6 Nxd5 29. Kf2 Nxc3 30. Rah1 Ne4+ 31. Kf3 Kg7 32. Rh7+ Kf6 33. Kf4 Re5 34. g4 c3 35. g5+ Nxg5 36. R7h6+ Ke7 37. Kxg5 d5 38. Kf4 Re4+ 39. Kf3 Re5 40. Kf4 Re4+ 41. Kf3 Re5 42. Rc6 Rxf5+ 43. Kg4 Rf2 44. Rxc5 d4 45. Rc4 Rd2 46. Rc1 Kd6 47. Kf3 Kd5 48. Rc7 Rd3+ 49. Kf4 Rd2 50. Kf3 Rd3+ 51. Kf4 Rd2 52. Kf3 1/2-1/2

[Event "New York Winter GM-A"]
[Site "New York"]
[Date "2023.01.14"]
[Round "4"]
[White "Shlyakhtenko, Robert"]
[Black "Ostrovskiy, Aleksandr A"]
[Result "0-1"]
[WhiteElo "2418"]
[BlackElo "2393"]
[PlyCount "164"]
[EventDate "2023.01.12"]
[EventType "tourn"]
[EventRounds "9"]
[EventCountry "USA"]
[EventCategory "8"]
[SourceTitle "CBM 212 Extra"]
[Source "ChessBase"]
[SourceDate "2023.03.31"]
[SourceVersion "1"]
[SourceVersionDate "2023.03.31"]
[SourceQuality "1"]

1. d4 Nf6 2. c4 e6 3. Nc3 Bb4 4. f3 c5 5. d5 b5 6. e4 d6 7. Bd2 a6 8. a4 bxc4 9. Bxc4 Nbd7 10. dxe6 fxe6 11. Bxe6 Ne5 12. Bxc8 Qxc8 13. Bf4 c4 14. Bxe5 dxe5 15. Nh3 Qc5 16. Nf2 Bxc3+ 17. bxc3 Qe3+ 18. Kf1 Qxc3 19. Rc1 Qb4 20. Qc2 Rc8 21. Qc3 Qe7 22. Ke2 0-0 23. Rhd1 Rc6 24. Rd2 Rb8 25. Nd1 Qe6 26. Qa5 h6 27. Ne3 Kh7 28. g4 Rbc8 29. Rd5 Qe7 30. Rxe5 Qa3 31. Rc3 Qa1 32. Re7 Rc5 33. Qb4 a5 34. Qa3 Qg1 35. Nf1 Rb8 36. Qc1 Rb2+ 37. Nd2 Qxc1 38. Rxc1 c3 39. Rd1 cxd2 40. Rxd2 Rxd2+ 41. Kxd2 Rc4 42. Ra7 Rxa4 43. e5 Nd5 44. e6 Kg6 45. h4 Rd4+ 46. Kc1 Rc4+ 47. Kd2 Rd4+ 48. Kc2 Rc4+ 49. Kd2 Rc7 50. Rxa5 Nf4 51. Re5 Re7 52. h5+ Kh7 53. Ke3 Nxe6 54. f4 Nc7 55. Rxe7 Nd5+ 56. Ke4 Nxe7 57. Ke5 Kg8 58. Ke6 Kf8 59. g5 Ng8 60. Ke5 Kf7 61. Kf5 Ne7+ 62. Ke5 Nc6+ 63. Kf5 Nd4+ 64. Ke5 Ne6 65. Kf5 Nc5 66. Ke5 Nd3+ 67. Kf5 Nb4 68. Ke5 Nc2 69. Kf5 Ne1 70. Ke5 Nf3+ 71. Kf5 Nh4+ 72. Kg4 Ng2 73. Kf5 Ne3+ 74. Ke5 Ke7 75. Ke4 Nf1 76. Kf5 Kf7 77. Kg4 Ne3+ 78. Kf3 Nf5 79. Kg4 Ke6 80. Kf3 Kd5 81. Kg4 Ke4 82. gxh6 gxh6 0-1

[Event "New York Winter GM-A"]
[Site "New York"]
[Date "2023.01.12"]
[Round "1"]
[White "Shlyakhtenko, Robert"]
[Black "Kantor, Gergely"]
[Result "1/2-1/2"]
[WhiteElo "2418"]
[BlackElo "2544"]
[PlyCount "58"]
[EventDate "2023.01.12"]
[EventType "tourn"]
[EventRounds "9"]
[EventCountry "USA"]
[EventCategory "8"]
[SourceTitle "CBM 212 Extra"]
[Source "ChessBase"]
[SourceDate "2023.03.31"]
[SourceVersion "1"]
[SourceVersionDate "2023.03.31"]
[SourceQuality "1"]

1. d4 Nf6 2. c4 e6 3. Nc3 Bb4 4. f3 c5 5. d5 b5 6. e4 d6 7. Bd2 a6 8. a4 exd5 9. cxd5 Nh5 10. f4 Qh4+ 11. g3 Nxg3 12. Nf3 Qh5 13. Rg1 Nxf1 14. Kxf1 Bg4 15. Rg3 bxa4 16. Qxa4+ Bd7 17. Qc2 Bg4 18. Nb5 0-0 19. Bxb4 cxb4 20. Qg2 Bxf3 21. Rxf3 Qh6 22. Nd4 Qf6 23. e5 dxe5 24. fxe5 Qxe5 25. Nf5 Kh8 26. Re1 Qf6 27. Ne7 Qh6 28. Rh3 Qf6+ 29. Rf3 Qh6 1/2-1/2

[Event "Los Angeles Labor Day GM"]
[Site "Los Angeles"]
[Date "2022.09.04"]
[Round "8"]
[White "Kevlishvili, Robby"]
[Black "Shlyakhtenko, Robert"]
[Result "1-0"]
[WhiteElo "2532"]
[BlackElo "2435"]
[PlyCount "63"]
[EventDate "2022.09.01"]
[EventType "tourn"]
[EventRounds "9"]
[EventCountry "USA"]
[EventCategory "8"]
[SourceTitle "CBM 210 Extra"]
[Source "ChessBase"]
[SourceDate "2022.11.30"]
[SourceVersion "1"]
[SourceVersionDate "2022.11.30"]
[SourceQuality "1"]

1. e4 c5 2. Nf3 e6 3. c3 Nf6 4. e5 Nd5 5. d4 cxd4 6. cxd4 d6 7. Bc4 Nc6 8. 0-0 Nb6 9. Bb3 Be7 10. Qe2 0-0 11. Nc3 Bd7 12. Bf4 d5 13. Bc2 Nc4 14. Rab1 Qb6 15. Rfd1 f6 16. exf6 Bxf6 17. Na4 Qa5 18. Nc5 Nxd4 19. Nxd4 Qxc5 20. Nxe6 Qe7 21. Qd3 g6 22. Nxf8 Rxf8 23. Bh6 Rc8 24. Qxd5+ Be6 25. Qe4 Qf7 26. Re1 Bd5 27. Qg4 Rc6 28. Bb3 b5 29. Rbd1 Bxb2 30. Qg5 Rd6 31. Re7 Qxf2+ 32. Kxf2 1-0

[Event "Los Angeles Labor Day GM"]
[Site "Los Angeles"]
[Date "2022.09.02"]
[Round "4"]
[White "Daggupati, Balaji"]
[Black "Shlyakhtenko, Robert"]
[Result "1-0"]
[WhiteElo "2492"]
[BlackElo "2435"]
[PlyCount "103"]
[EventDate "2022.09.01"]
[EventType "tourn"]
[EventRounds "9"]
[EventCountry "USA"]
[EventCategory "8"]
[SourceTitle "CBM 210 Extra"]
[Source "ChessBase"]
[SourceDate "2022.11.30"]
[SourceVersion "1"]
[SourceVersionDate "2022.11.30"]
[SourceQuality "1"]

1. e4 c5 2. Nf3 e6 3. d4 cxd4 4. Nxd4 a6 5. Be2 Nf6 6. Nc3 Qc7 7. 0-0 Bb4 8. Bg5 Nc6 9. Nxc6 bxc6 10. Qd4 c5 11. Qe3 Bb7 12. Bf3 h6 13. Bh4 g5 14. Bg3 e5 15. Nd5 Bxd5 16. exd5 d6 17. Bxe5 dxe5 18. d6 Qxd6 19. Bxa8 0-0 20. Bf3 c4 21. Rad1 Qe6 22. c3 Ba5 23. Qc5 e4 24. Be2 Bb6 25. Qd6 e3 26. Bxc4 Qxc4 27. Qxb6 e2 28. Qxf6 Re8 29. Qxh6 Qg4 30. Rde1 Re6 31. Qh3 exf1Q+ 32. Rxf1 Qxh3 33. gxh3 Re2 34. Rb1 Rc2 35. a4 Kg7 36. Kg2 Kg6 37. b4 Rxc3 38. b5 axb5 39. axb5 Rc7 40. b6 Rb7 41. Rb5 f6 42. Kg3 Kh5 43. h4 f5 44. hxg5 Kxg5 45. h4+ Kg6 46. Kf4 Kh5 47. Kxf5 Kxh4 48. Ke6 Kg4 49. Kd6 Kf3 50. Kc6 Rb8 51. b7 Kxf2 52. Kc7 1-0

[Event "Los Angeles Labor Day GM"]
[Site "Los Angeles"]
[Date "2022.09.02"]
[Round "3"]
[White "Shlyakhtenko, Robert"]
[Black "Khanin, Semen"]
[Result "1/2-1/2"]
[WhiteElo "2435"]
[BlackElo "2552"]
[PlyCount "67"]
[EventDate "2022.09.01"]
[EventType "tourn"]
[EventRounds "9"]
[EventCountry "USA"]
[EventCategory "8"]
[SourceTitle "CBM 210 Extra"]
[Source "ChessBase"]
[SourceDate "2022.11.30"]
[SourceVersion "1"]
[SourceVersionDate "2022.11.30"]
[SourceQuality "1"]

1. d4 Nf6 2. c4 e6 3. Nc3 d5 4. cxd5 exd5 5. Bg5 Bb4 6. e3 h6 7. Bxf6 Qxf6 8. a3 Bxc3+ 9. bxc3 c5 10. Ne2 0-0 11. Nf4 Rd8 12. Be2 Nc6 13. 0-0 Bf5 14. Bf3 Ne7 15. Qb3 Qb6 16. Qxb6 axb6 17. g4 Bc2 18. Rfc1 Bb3 19. Rcb1 c4 20. e4 dxe4 21. Bxe4 Ra7 22. Re1 Nc8 23. Bf3 Nd6 24. Re5 Kf8 25. Nd5 Ra5 26. Rae1 Rxa3 27. Nxb6 Bc2 28. Nd5 Ba4 29. R1e3 Bc6 30. Nf4 Bxf3 31. Rxf3 Kg8 32. Rd5 b5 33. Re3 Ra6 34. h4 1/2-1/2

[Event "Hollywood Classic 3rd"]
[Site "Los Angeles"]
[Date "2022.08.07"]
[Round "9"]
[White "Chasin, Nico Werner"]
[Black "Shlyakhtenko, Robert"]
[Result "1/2-1/2"]
[WhiteElo "2392"]
[BlackElo "2421"]
[PlyCount "44"]
[EventDate "2022.08.03"]
[EventType "swiss"]
[EventRounds "9"]
[EventCountry "USA"]
[SourceTitle "CBM 209 Extra"]
[Source "ChessBase"]
[SourceDate "2022.09.30"]
[SourceVersion "1"]
[SourceVersionDate "2022.09.30"]
[SourceQuality "1"]

1. d4 d5 2. c4 dxc4 3. Nf3 Nf6 4. e3 a6 5. Bxc4 e6 6. 0-0 c5 7. dxc5 Bxc5 8. Qxd8+ Kxd8 9. Nfd2 Ke7 10. Nb3 Bb4 11. Bd2 Nc6 12. Bxb4+ Nxb4 13. Nc3 Bd7 14. a3 Rac8 15. Be2 Nbd5 16. Nxd5+ Nxd5 17. Rfc1 Rxc1+ 18. Rxc1 Rc8 19. Rxc8 Bxc8 20. Kf1 Kd6 21. Ke1 e5 22. Kd2 f6 1/2-1/2

[Event "Hollywood Classic 3rd"]
[Site "Los Angeles"]
[Date "2022.08.05"]
[Round "4"]
[White "Shlyakhtenko, Robert"]
[Black "Kavutskiy, Konstantin"]
[Result "1/2-1/2"]
[WhiteElo "2421"]
[BlackElo "2401"]
[PlyCount "35"]
[EventDate "2022.08.03"]
[EventType "swiss"]
[EventRounds "9"]
[EventCountry "USA"]
[SourceTitle "CBM 209 Extra"]
[Source "ChessBase"]
[SourceDate "2022.09.30"]
[SourceVersion "1"]
[SourceVersionDate "2022.09.30"]
[SourceQuality "1"]

1. d4 Nf6 2. c4 g6 3. Nc3 Bg7 4. e4 d6 5. h3 e5 6. d5 a5 7. Bg5 Na6 8. Bd3 0-0 9. Nge2 Bd7 10. 0-0 h6 11. Be3 Nh5 12. Qd2 f5 13. exf5 gxf5 14. f4 e4 15. Bc2 Nc5 16. Kh2 Qe7 17. Rae1 Kh8 18. Rg1 1/2-1/2

[Event "Hollywood Classic-A 2nd"]
[Site "Los Angeles"]
[Date "2022.07.29"]
[Round "9"]
[White "Shlyakhtenko, Robert"]
[Black "Sethuraman, Sandeep"]
[Result "1/2-1/2"]
[WhiteElo "2422"]
[BlackElo "2305"]
[PlyCount "223"]
[EventDate "2022.07.25"]
[EventType "tourn"]
[EventRounds "9"]
[EventCountry "USA"]
[EventCategory "8"]
[SourceTitle "EXT 2024"]
[Source "ChessBase"]
[SourceDate "2023.10.10"]
[SourceVersion "1"]
[SourceVersionDate "2023.10.10"]
[SourceQuality "1"]

1. Nf3 d5 2. g3 Bg4 3. Bg2 c6 4. 0-0 Nd7 5. d3 Ngf6 6. h3 Bh5 7. Qe1 e5 8. e4 dxe4 9. dxe4 Bc5 10. a4 a5 11. Na3 0-0 12. Bd2 Qe7 13. Nh4 Rfd8 14. Nc4 b6 15. Bc3 Qe6 16. b3 Ne8 17. Nf5 Nd6 18. Ncxd6 Bxd6 19. Nxd6 Qxd6 20. Qe3 f6 21. f4 Qc7 22. Rf2 Re8 23. Raf1 b5 24. fxe5 fxe5 25. g4 Bg6 26. h4 Rf8 27. h5 Bf7 28. h6 gxh6 29. g5 Qa7 30. Qxa7 Rxa7 31. gxh6 Be6 32. Rxf8+ Nxf8 33. Bxe5 Rd7 34. Bg7 Ng6 35. e5 bxa4 36. Bxc6 Rxg7 37. hxg7 axb3 38. cxb3 Bxb3 39. Be4 Nxe5 40. Rf5 Ng6 41. Rxa5 Kxg7 42. Kf2 Kf6 43. Ra6+ Kg7 44. Ke3 Kh6 45. Ra7 Be6 46. Kd4 Bb3 47. Bd3 Be6 48. Bc2 Bg8 49. Ke3 Bd5 50. Bb1 Bb3 51. Ke4 Be6 52. Bc2 Kg5 53. Ke3 Kh6 54. Bd3 Bb3 55. Ke4 Be6 56. Be2 Kg5 57. Ke3 Bf5 58. Rxh7 Nf4 59. Rg7+ Kf6 60. Ra7 Nxe2 61. Kxe2 Be6 62. Ke3 Bb3 63. Ra5 Kg7 64. Kf4 Kf6 65. Ra6+ Kg7 66. Ke5 Bc4 67. Rb6 Kh8 68. Kf6 Bg8 69. Rb2 Bh7 70. Rg2 Be4 71. Rh2+ Bh7 72. Rh1 Kg8 73. Rg1+ Kh8 74. Rf1 Bd3 75. Re1 Bh7 76. Rd1 Bg8 77. Rc1 Bh7 78. Ra1 Bg8 79. Ra3 Bh7 80. Rb3 Bg8 81. Rc3 Bh7 82. Rh3 Kg8 83. Rc3 Kh8 84. Kg5 Kg7 85. Rc4 Kh8 86. Kh6 Bg8 87. Rh4 Bh7 88. Rg4 Bg8 89. Rf4 Bh7 90. Rd4 Bg8 91. Rb4 Bh7 92. Ra4 Bg8 93. Ra5 Bh7 94. Rb5 Bg8 95. Rc5 Bh7 96. Rh5 Bd3 97. Rd5 Bh7 98. Rd7 Bg8 99. Rg7 Bc4 100. Rh7+ Kg8 101. Rc7 Bd3 102. Rb7 Be4 103. Rg7+ Kh8 104. Re7 Bd5 105. Rd7 Bb3 106. Rb7 Bd5 107. Rb8+ Bg8 108. Rb2 Bh7 109. Ra2 Bg8 110. Rb2 Bh7 111. Rd2 Bg8 112. Rd8 1/2-1/2

[Event "Hollywood Classic-A 2nd"]
[Site "Los Angeles"]
[Date "2022.07.26"]
[Round "3"]
[White "Kavutskiy, Konstantin"]
[Black "Shlyakhtenko, Robert"]
[Result "0-1"]
[WhiteElo "2401"]
[BlackElo "2422"]
[PlyCount "76"]
[EventDate "2022.07.25"]
[EventType "tourn"]
[EventRounds "9"]
[EventCountry "USA"]
[EventCategory "8"]
[SourceTitle "EXT 2024"]
[Source "ChessBase"]
[SourceDate "2023.10.10"]
[SourceVersion "1"]
[SourceVersionDate "2023.10.10"]
[SourceQuality "1"]

1. d4 d5 2. c4 c6 3. Nf3 Nf6 4. Nc3 e6 5. Bg5 Nbd7 6. e3 h6 7. Bh4 Be7 8. Qc2 0-0 9. a3 Ne8 10. Bxe7 Qxe7 11. Bd3 dxc4 12. Bxc4 Nd6 13. Ba2 e5 14. 0-0 exd4 15. Nxd4 Nf6 16. b4 Rd8 17. Na4 Bd7 18. Rfe1 Rac8 19. e4 Nb5 20. Rad1 Bg4 21. Nf5 Bxf5 22. exf5 Qc7 23. Rxd8+ Rxd8 24. Qb2 Nd4 25. h3 Nxf5 26. Nc5 Nd4 27. Bb1 b6 28. Nd3 c5 29. bxc5 bxc5 30. Qc3 Ne6 31. Ne5 Rd4 32. Qf3 c4 33. g3 c3 34. Qf5 Rd5 35. f4 Nd4 36. Qd3 c2 37. Ng4 cxb1Q 38. Nxf6+ gxf6 0-1

[Event "Hollywood Classic-A 2nd"]
[Site "Los Angeles"]
[Date "2022.07.26"]
[Round "2"]
[White "Shlyakhtenko, Robert"]
[Black "Griffith, Kyron"]
[Result "1/2-1/2"]
[WhiteElo "2422"]
[BlackElo "2357"]
[PlyCount "82"]
[EventDate "2022.07.25"]
[EventType "tourn"]
[EventRounds "9"]
[EventCountry "USA"]
[EventCategory "8"]
[SourceTitle "EXT 2024"]
[Source "ChessBase"]
[SourceDate "2023.10.10"]
[SourceVersion "1"]
[SourceVersionDate "2023.10.10"]
[SourceQuality "1"]

1. d4 Nf6 2. c4 e6 3. Nc3 Bb4 4. e3 0-0 5. Bd3 c5 6. Nf3 d5 7. cxd5 cxd4 8. exd4 Nxd5 9. 0-0 Nc6 10. Bc2 Be7 11. a3 Bd7 12. Qd3 g6 13. Bh6 Re8 14. Bb3 Nf6 15. Rad1 Qc7 16. Rfe1 Rad8 17. d5 exd5 18. Nxd5 Nxd5 19. Bxd5 Bf6 20. Bxf7+ Kxf7 21. Rxe8 Rxe8 22. Qxd7+ Qxd7 23. Rxd7+ Re7 24. Rxe7+ Kxe7 25. Bc1 Kd6 26. Kf1 Kd5 27. Ke2 Nd4+ 28. Nxd4 Kxd4 29. g4 Kc4 30. f4 a5 31. b4 axb4 32. axb4 Kxb4 33. Kd3 Kc5 34. Ke4 Kd6 35. g5 Bc3 36. f5 gxf5+ 37. Kxf5 b5 38. Ba3+ b4 39. Bxb4+ Bxb4 40. g6 hxg6+ 41. Kxg6 Ke5 1/2-1/2

[Event "Titled Tuesday intern op 19th Jul Late"]
[Site "Chess.com INT"]
[Date "2022.07.19"]
[Round "3"]
[White "Shlyakhtenko, Robert"]
[Black "Przybylski, Wojciech"]
[Result "1-0"]
[WhiteElo "2422"]
[BlackElo "2321"]
[PlyCount "101"]
[EventDate "2022.07.19"]
[EventType "swiss (blitz)"]
[EventRounds "11"]
[EventCountry "USA"]
[SourceTitle "EXT 2023"]
[Source "ChessBase"]
[SourceDate "2022.10.05"]
[SourceVersion "1"]
[SourceVersionDate "2022.10.05"]
[SourceQuality "1"]

1. a3 e5 2. b4 d5 3. Bb2 Bd6 4. e3 a5 5. b5 Nf6 6. c4 c6 7. Nf3 Qe7 8. cxd5 cxd5 9. d4 e4 10. Nfd2 0-0 11. Be2 Nbd7 12. Nc3 Nb6 13. Na4 Nxa4 14. Qxa4 Bg4 15. Qd1 Qd7 16. 0-0 Rac8 17. Bxg4 Nxg4 18. h3 Nh6 19. Rc1 f5 20. Qb3 Qe6 21. Rxc8 Rxc8 22. Rc1 Rf8 23. Nb1 Bb8 24. Nc3 Rd8 25. Ne2 Nf7 26. a4 g5 27. Bc3 b6 28. Bd2 Rd6 29. Qc2 Rd8 30. Qc6 Qd6 31. Qxd6 Nxd6 32. Rc6 Nc4 33. Bc1 Kf7 34. Nc3 f4 35. Nxd5 Ne5 36. Rxb6 Nd3 37. Bd2 Rxd5 38. Rxb8 Nb2 39. b6 Nxa4 40. b7 Rb5 41. Bxa5 Rb1+ 42. Kh2 Kg7 43. Bc7 Nc3 44. Rc8 Rxb7 45. Be5+ Kg6 46. Rxc3 fxe3 47. fxe3 Kh5 48. Rc6 Rb2 49. d5 Re2 50. d6 Rxe3 51. d7 1-0

[Event "Titled Tuesday intern op 19th Jul Late"]
[Site "Chess.com INT"]
[Date "2022.07.19"]
[Round "1"]
[White "Shlyakhtenko, Robert"]
[Black "Roman, Rodrigo"]
[Result "0-1"]
[WhiteElo "2422"]
[BlackElo "2078"]
[PlyCount "109"]
[EventDate "2022.07.19"]
[EventType "swiss (blitz)"]
[EventRounds "11"]
[EventCountry "USA"]
[SourceTitle "EXT 2023"]
[Source "ChessBase"]
[SourceDate "2022.10.05"]
[SourceVersion "1"]
[SourceVersionDate "2022.10.05"]
[SourceQuality "1"]

1. a3 Nf6 2. c4 e5 3. e3 Nc6 4. Qc2 g6 5. b4 a6 6. Bb2 d6 7. Nf3 Bg7 8. d3 Bf5 9. Nbd2 0-0 10. g3 Qd7 11. h3 Be6 12. Bg2 d5 13. cxd5 Nxd5 14. Ne4 Ndxb4 15. axb4 Nxb4 16. Qc3 Nxd3+ 17. Ke2 Qb5 18. Kf1 Nf4+ 19. Kg1 Ne2+ 20. Kh2 Nxc3 21. Bxc3 Qc6 22. Nxe5 Qe8 23. f4 Bd5 24. Rhd1 Bc6 25. Rac1 Rd8 26. Rd4 Bxe4 27. Bxe4 f5 28. Bd5+ Kh8 29. Rcd1 Bxe5 30. fxe5 c6 31. Bf7 Rxd4 32. Bxe8 Rxd1 33. e6+ Kg8 34. Bd7 Rxd7 35. exd7 Rd8 36. Bd4 Rxd7 37. g4 Kf7 38. Kg3 fxg4 39. hxg4 Ke6 40. Kf4 Kd5 41. Kg5 Ke4 42. Kh6 Kf3 43. g5 Kg4 44. Bb6 Kf5 45. Ba5 c5 46. Bb6 c4 47. Ba5 Ke4 48. Bc3 Kd3 49. Ba5 c3 50. Bxc3 Kxc3 51. e4 Re7 52. e5 Rxe5 53. Kg7 Rxg5 54. Kh6 Rg2 55. Kg7 0-1